[Event "CZE-chT2C 2223"]
[Site "Czech Republic"]
[Date "2023.03.26"]
[Round "11.8"]
[White "Gabriel, Jan"]
[Black "Blazek, Tomas1111"]
[Result "1/2-1/2"]
[WhiteElo "1804"]
[BlackElo "1763"]
[PlyCount "120"]
[EventDate "2022.10.16"]
[EventType "team-tourn"]
[EventRounds "11"]
[EventCountry "CZE"]
[SourceTitle "EXT 2024"]
[Source "ChessBase"]
[SourceDate "2023.10.10"]
[SourceVersion "1"]
[SourceVersionDate "2023.10.10"]
[SourceQuality "1"]
[WhiteTeam "Kolin"]
[BlackTeam "Liberec"]
[WhiteTeamCountry "CZE"]
[BlackTeamCountry "CZE"]

1. e4 e5 2. Nf3 Nc6 3. Bb5 a6 4. Ba4 Nf6 5. 0-0 b5 6. Bb3 Be7 7. Re1 0-0 8. c3 d5 9. exd5 Nxd5 10. h3 Bf6 11. d4 exd4 12. cxd4 Nce7 13. Nc3 Nxc3 14. bxc3 Bb7 15. Ba3 Re8 16. Ne5 Bd5 17. Ng4 Bg5 18. Re5 Bxb3 19. Qxb3 Bf4 20. Re4 Ng6 21. Rae1 Rxe4 22. Rxe4 Qg5 23. g3 Bd6 24. Bxd6 cxd6 25. Ne3 Qh5 26. Kg2 Qg5 27. Rg4 Qf6 28. Qd5 Ra7 29. Qc6 Qd8 30. Nf5 d5 31. h4 h5 32. Rg5 Qd7 33. Qxd7 Rxd7 34. Rxh5 f6 35. Ne3 Ne7 36. Nf5 Nc8 37. Ne3 Nb6 38. Rf5 Kf7 39. h5 Ke6 40. Rf3 Rc7 41. Ng4 Nc4 42. h6 f5 43. h7 Rc8 44. Ne3 Nd6 45. g4 fxg4 46. Nxg4 Rh8 47. Rh3 Ne4 48. f4 Nf6 49. Nxf6 gxf6 50. Kf3 Kf7 51. Rh5 Kg6 52. Rxd5 Rxh7 53. Rd6 Rh3+ 54. Kg4 Rxc3 55. f5+ Kg7 56. Rxa6 Rd3 57. Rb6 Rxd4+ 58. Kh5 Ra4 59. Rb7+ Kf8 60. Kg6 Rxa2 1/2-1/2

[Event "CZE-chT2C 2223"]
[Site "Czech Republic"]
[Date "2022.12.18"]
[Round "5.8"]
[White "Gabriel, Jan"]
[Black "Bargel, Martin"]
[Result "1-0"]
[WhiteElo "1804"]
[BlackElo "2018"]
[PlyCount "108"]
[EventDate "2022.10.16"]
[EventType "team-tourn"]
[EventRounds "11"]
[EventCountry "CZE"]
[SourceTitle "EXT 2024"]
[Source "ChessBase"]
[SourceDate "2023.10.10"]
[SourceVersion "1"]
[SourceVersionDate "2023.10.10"]
[SourceQuality "1"]
[WhiteTeam "Kolin"]
[BlackTeam "Neratovice II"]
[WhiteTeamCountry "CZE"]
[BlackTeamCountry "CZE"]

1. e4 c5 2. Nf3 d6 3. d4 cxd4 4. Nxd4 Nf6 5. Nc3 g6 6. Be2 Bg7 7. 0-0 0-0 8. Be3 Nc6 9. Nb3 Be6 10. Qd2 d5 11. exd5 Nxd5 12. Nxd5 Qxd5 13. Qxd5 Bxd5 14. c3 Ne5 15. Rfe1 e6 16. Nd2 Rfc8 17. f4 Nc4 18. Nxc4 Bxc4 19. Bxc4 Rxc4 20. Rad1 b5 21. Rd7 a5 22. Red1 Bf6 23. Bd4 Kg7 24. Bxf6+ Kxf6 25. R1d4 Rac8 26. a3 h6 27. Kf2 g5 28. fxg5+ hxg5 29. Ke3 R8c5 30. Rxc4 bxc4 31. a4 e5 32. Rb7 Ke6 33. g4 f6 34. Rb6+ Ke7 35. Ke4 Rc8 36. Rb5 Rh8 37. Kd5 Rxh2 38. Rb7+ Kd8 39. Kxc4 Rg2 40. Kd5 Rxg4 41. b4 axb4 42. cxb4 Kc8 43. Rb6 Rd4+ 44. Kc5 f5 45. a5 Rd7 46. b5 g4 47. a6 g3 48. Rg6 Rc7+ 49. Kb6 f4 50. Rg8+ Kd7 51. Rg7+ Kd6 52. Rxc7 g2 53. Rg7 f3 54. a7 f2 1-0

[Event "Czechia KP-chTB 0607"]
[Site "Czech Republic"]
[Date "2007.02.04"]
[Round "7.8"]
[White "Gabriel, Jan"]
[Black "Wimmer, Jaroslav"]
[Result "1/2-1/2"]
[WhiteElo "1872"]
[BlackElo "1869"]
[PlyCount "65"]
[EventDate "2006.10.29"]
[EventType "team"]
[EventRounds "11"]
[EventCountry "CZE"]
[SourceTitle "EXT 2008"]
[Source "ChessBase"]
[SourceDate "2007.11.25"]
[SourceVersion "1"]
[SourceVersionDate "2007.11.25"]
[SourceQuality "1"]
[WhiteTeam "Kolin II"]
[BlackTeam "Podebrady"]
[WhiteTeamCountry "CZE"]
[BlackTeamCountry "CZE"]

1. e4 e6 2. d4 d5 3. exd5 exd5 4. Nf3 Bd6 5. Bd3 Ne7 6. Bg5 f6 7. Bh4 Bf5 8. Nc3 c6 9. 0-0 0-0 10. Re1 Bxd3 11. Qxd3 Na6 12. a3 Qd7 13. Bg3 Nf5 14. Bxd6 Nxd6 15. Nd2 Rae8 16. b4 Nc7 17. Na4 Rxe1+ 18. Rxe1 Re8 19. Re3 b6 20. Nb2 b5 21. Nd1 Ne6 22. g3 Ng5 23. Rxe8+ Qxe8 24. Ne3 Qh5 25. h4 Nf3+ 26. Nxf3 Qxf3 27. Qf1 Ne4 28. Qg2 Qe2 29. Qf1 Nxg3 30. Qh3 Ne4 31. Qc8+ Kf7 32. Qd7+ Kf8 33. Qd8+ 1/2-1/2